|
|
|
|
| LEADER |
00843nam a2200289 4500 |
| 001 |
DLU140161732 |
| 005 |
##20140505 |
| 040 |
# |
# |
|a DLU
|b vie
|
| 041 |
# |
# |
|a vie
|
| 044 |
# |
# |
|a vn
|
| 100 |
# |
# |
|a Bàn Minh Đoàn.
|
| 245 |
# |
# |
|a Màu xanh biên cương /
|c Bàn Minh Đoàn.
|
| 653 |
# |
# |
|a Biên giới phía Bắc
|
| 653 |
# |
# |
|a Chuyển đổi cơ cấu kinh tế
|
| 653 |
# |
# |
|a Phát triển miền núi
|
| 653 |
# |
# |
|a Phát triển nông nghiệp
|
| 653 |
# |
# |
|a Xóa đói giảm nghèo
|
| 773 |
# |
# |
|t Văn hóa các dân tộc
|g Số 5(231), 2013, tr. 26-28
|
| 920 |
# |
# |
|a Phòng Tạp chí -- Trung tâm Thông tin - Thư viện Trường Đại học Đà Lạt
|
| 994 |
# |
# |
|a DLU
|
| 900 |
# |
# |
|a True
|
| 911 |
# |
# |
|a Nguyễn Huyền Anh
|
| 925 |
# |
# |
|a G
|
| 926 |
# |
# |
|a A
|
| 927 |
# |
# |
|a BB
|
| 980 |
# |
# |
|a Thư viện Trường Đại học Đà Lạt
|